PROBLEMATIKA DROGOVÝCH ZÁVISLOSTÍ V OPTIKE SPOLOČENSKÉHO VÝVOJA ALEBO MLÁDEŽ, DROGY A DOSPELÍ

Bibliographic Details
Main Author: Ondrejkovič, Peter, 1940-2021 (Author)
Format: Article
Language:Slovak
ISBN:8088885078

MARC

LEADER 00000naa a2200000uu 4500
001 vtls011087596
003 SK-MaSNL
005 20260302105558.0
008 210910|1997 xo |||||||||||||||||slo|
015 |a SNBRA 
035 |a (urnnbn)urn:nbn:sk:snk:ar-a0cnpv 
035 |a (uuid)cde1bf4e-397d-439a-9f22-db4c80fdc346 
035 |a urn:nbn:sk:snk-aavtjn 
040 |a SNKBUCL  |b slo  |c SNKBUCL  |e AACR2 
041 0 |a slo 
044 |a xo  |c SK 
100 1 |a Ondrejkovič, Peter,  |d 1940-2021  |4 aut  |9 206389 
245 1 0 |a PROBLEMATIKA DROGOVÝCH ZÁVISLOSTÍ V OPTIKE SPOLOČENSKÉHO VÝVOJA ALEBO MLÁDEŽ, DROGY A DOSPELÍ  |c Peter ONDREJKOVIČ 
773 0 |t Sociálna práca a ľudské práva  |d Prešov : Prešovská univerzita, 1997  |g S. 60-65  |z 8088885078 
958 |a OND 
958 |a article12 
958 |a chapter 
999 |c 1239421  |d 1241351